[Event "NZL-ch op 132nd"]
[Site "Wellington"]
[Date "2025.01.06"]
[Round "5"]
[White "Masters, Andrew D"]
[Black "Liu, William Rui"]
[Result "0-1"]
[WhiteElo "1878"]
[BlackElo "1947"]
[PlyCount "72"]
[EventDate "2025.01.02"]
[EventType "swiss"]
[EventRounds "9"]
[EventCountry "NZL"]
[SourceTitle "CB03_2025"]
[SourceDate "2025.01.15"]
[SourceVersion "1"]
[SourceVersionDate "2025.01.15"]
[SourceQuality "1"]

1. d4 d5 2. c4 e6 3. Nc3 c6 4. e3 Nf6 5. Nf3 Be7 6. Bd3 0-0 7. 0-0 Nbd7 8. b3 b6 9. Ne5 Qc7 10. f4 c5 11. Rf3 Bb7 12. Rh3 h6 13. cxd5 exd5 14. Qf3 c4 15. Nb5 Qc8 16. Bf5 a6 17. Nc3 cxb3 18. Bb2 bxa2 19. Nxa2 Qd8 20. g4 Nxe5 21. dxe5 Ne4 22. g5 Bxg5 23. Bxe4 dxe4 24. Qg2 Bh4 25. e6 Bf6 26. Rg3 Bxb2 27. Qxb2 f6 28. f5 Rc8 29. Qb3 Bd5 30. Qa3 Qc7 31. Rd1 Qc2 32. Rxd5 Qb1+ 33. Kg2 Rc2+ 34. Kh3 Qf1+ 35. Kh4 Rxh2+ 36. Kg4 h5# 0-1

[Event "NZL-ch op 132nd"]
[Site "Wellington"]
[Date "2025.01.02"]
[Round "1"]
[White "Masters, Andrew D"]
[Black "Xie, Felix"]
[Result "0-1"]
[WhiteElo "1878"]
[BlackElo "2284"]
[PlyCount "53"]
[EventDate "2025.01.02"]
[EventType "swiss"]
[EventRounds "9"]
[EventCountry "NZL"]
[SourceTitle "CB03_2025"]
[SourceDate "2025.01.15"]
[SourceVersion "1"]
[SourceVersionDate "2025.01.15"]
[SourceQuality "1"]

1. d4 Nf6 2. c4 e6 3. Nc3 Bb4 4. a3 Bxc3+ 5. bxc3 c5 6. e3 0-0 7. Bd3 Nc6 8. Ne2 b6 9. e4 Ne8 10. 0-0 Ba6 11. e5 Na5 12. f4 f5 13. dxc5 bxc5 14. Be3 Rc8 15. Qa4 d5 16. Rfd1 Bxc4 17. Bxc4 Nxc4 18. Qxc4 dxc4 19. Rxd8 Rxd8 20. Bxc5 Rf7 21. Nd4 Rd5 22. Nxe6 Nc7 23. Rb1 Nxe6 24. Rb8+ Rd8 25. Rb1 Rd5 26. Ra1 Nc7 27. Bd6 0-1

[Event "NZL-ch op-A 130th"]
[Site "Wellington"]
[Date "2023.01.10"]
[Round "9"]
[White "Cummings, Nick"]
[Black "Masters, Andrew D"]
[Result "1-0"]
[WhiteElo "1995"]
[BlackElo "1946"]
[PlyCount "81"]
[EventDate "2023.01.02"]
[EventType "swiss"]
[EventRounds "9"]
[EventCountry "NZL"]
[SourceTitle "EXT 2024"]
[Source "ChessBase"]
[SourceDate "2023.10.10"]
[SourceVersion "1"]
[SourceVersionDate "2023.10.10"]
[SourceQuality "1"]

1. d4 d5 2. c4 dxc4 3. Qa4+ Nd7 4. Nf3 e6 5. e4 c6 6. Qxc4 Ngf6 7. Nc3 Qc7 8. g3 Nb6 9. Qd3 h6 10. Bf4 Qe7 11. Rc1 Bd7 12. Bg2 Qb4 13. b3 Be7 14. 0-0 g5 15. Bd2 Bd8 16. e5 Nh5 17. Ne4 Qe7 18. Nd6+ Kf8 19. Nxb7 Bc7 20. Nc5 Be8 21. Bb4 Kg8 22. Na6 Qd8 23. Nxc7 Qxc7 24. Nd2 Nd5 25. Bd6 Qd7 26. Ne4 Rc8 27. Bc5 f5 28. exf6 Nhxf6 29. Nd6 Rc7 30. Nxe8 Qxe8 31. Qe2 Rhh7 32. Rfe1 Qd7 33. Bh3 Ne8 34. Rc2 Rb7 35. Qe5 Ndc7 36. Rce2 Qd5 37. Qe3 a6 38. f4 gxf4 39. Qxf4 e5 40. Rxe5 Ne6 41. Bxe6+ 1-0

[Event "Wellington Easter op"]
[Site "Wellington"]
[Date "2017.04.16"]
[Round "6"]
[White "Masters, Andrew D"]
[Black "Nicholls, Leighton"]
[Result "1-0"]
[WhiteElo "1840"]
[BlackElo "1908"]
[PlyCount "65"]
[EventDate "2017.04.14"]
[EventType "swiss"]
[EventRounds "6"]
[EventCountry "NZL"]
[SourceTitle "CBM 178 Extra"]
[Source "ChessBase"]
[SourceDate "2017.06.22"]
[SourceVersion "1"]
[SourceVersionDate "2017.06.22"]
[SourceQuality "1"]

1. d4 Nf6 2. Bg5 Ne4 3. Bc1 c5 4. f3 Nf6 5. d5 e6 6. c4 b5 7. e4 bxc4 8. Bxc4 Bb7 9. Nc3 exd5 10. exd5 d6 11. Nge2 Nbd7 12. 0-0 Be7 13. Re1 0-0 14. Nf4 Nb6 15. Bb5 a6 16. Bd3 Nfd7 17. Qc2 g6 18. Bxg6 fxg6 19. Ne6 Qe8 20. Bh6 Rf5 21. Ng7 Qf7 22. Nxf5 gxf5 23. Rad1 Re8 24. Re6 Nxd5 25. Rde1 Ne5 26. R6xe5 dxe5 27. Rxe5 Bd6 28. Rxf5 Re1+ 29. Kf2 Qe6 30. Rg5+ Kh8 31. Nxd5 Bxd5 32. Qc3+ Be5 33. Bg7+ 1-0

[Event "Politiken Cup 28th"]
[Site "Copenhagen"]
[Date "2006.07.30"]
[Round "9"]
[White "Masters, Andrew D"]
[Black "Jensen, Soren1"]
[Result "1/2-1/2"]
[WhiteElo "1764"]
[BlackElo "2028"]
[PlyCount "80"]
[EventDate "2006.07.22"]
[EventType "swiss"]
[EventRounds "9"]
[EventCountry "DEN"]
[SourceTitle "CBM 113 Extra"]
[Source "ChessBase"]
[SourceDate "2006.09.14"]
[SourceVersion "1"]
[SourceVersionDate "2006.09.14"]
[SourceQuality "1"]

1. d4 Nf6 2. Nf3 e6 3. c4 b6 4. Bg5 Bb7 5. Nc3 h6 6. Bd2 c5 7. e3 cxd4 8. exd4 d5 9. cxd5 Nxd5 10. Bb5+ Bc6 11. Ne5 Bxb5 12. Nxb5 Nd7 13. Nc6 Qh4 14. 0-0 a6 15. Nc3 N7f6 16. Ne5 Nxc3 17. bxc3 Bd6 18. Rb1 Bc7 19. Qa4+ b5 20. Rxb5 0-0 21. Rb4 Bd6 22. Rc4 Nd5 23. Nf3 Qd8 24. Rc6 Nb6 25. Qa5 Bc7 26. Bf4 Bxf4 27. Qxb6 Qxb6 28. Rxb6 Rfc8 29. Rb3 Rc4 30. g3 Bd6 31. Rc1 Rac8 32. Nd2 Rxd4 33. Rd1 Ra4 34. Nb1 Be5 35. a3 Rac4 36. Rd3 a5 37. Rb5 Bxc3 38. Nxc3 Rxc3 39. Rxc3 Rxc3 40. Rxa5 Kf8 1/2-1/2

[Event "Politiken Cup 28th"]
[Site "Copenhagen"]
[Date "2006.07.28"]
[Round "7"]
[White "Masters, Andrew D"]
[Black "Rasmussen, Morten"]
[Result "0-1"]
[WhiteElo "1764"]
[BlackElo "1976"]
[PlyCount "76"]
[EventDate "2006.07.22"]
[EventType "swiss"]
[EventRounds "9"]
[EventCountry "DEN"]
[SourceTitle "CBM 113 Extra"]
[Source "ChessBase"]
[SourceDate "2006.09.14"]
[SourceVersion "1"]
[SourceVersionDate "2006.09.14"]
[SourceQuality "1"]

1. d4 Nf6 2. Bg5 e6 3. e4 h6 4. Bxf6 Qxf6 5. c3 d5 6. e5 Qd8 7. f4 c5 8. Nf3 Nc6 9. a3 Qb6 10. b4 cxd4 11. cxd4 a6 12. Nc3 Bd7 13. Rc1 Rc8 14. Na4 Qc7 15. Nc5 a5 16. Qd2 axb4 17. a4 Nxd4 18. Nxd4 Bxc5 19. Nb3 b6 20. a5 0-0 21. Ba6 Ra8 22. axb6 Qxb6 23. Nxc5 Bb5 24. Bxb5 Qxb5 25. Qd3 Qa5 26. 0-0 Rfd8 27. Nb3 Qb6+ 28. Kh1 Rdb8 29. Qd2 Ra3 30. Qd4 Rxb3 31. Qxb6 Rxb6 32. Rc8+ Kh7 33. f5 Rc3 34. Rf8 exf5 35. Rxf7 Kg6 36. R7xf5 Rc1 37. Rxc1 Kxf5 38. g4+ Kxe5 0-1